LEADER 01587nam a2200265 i 4500 001 991000249059707536 008 040123s1990 it a 001 0 ita 020 $a8870781550 035 $ab12589950-39ule_inst 040 $aBiblioteca Interfacoltà$bita 082 04$a615.8 100 1 $aSafar, Peter$0481685 245 10$aRianimazione cardiopolmonare e cerebrale :$bsostegno, ripristino e mantenimento delle funzioni vitali nelle emergenze cardiache e traumatiche : le basi teoriche e pratiche della medicina di rianimazione /$cPeter Safar, Nicholas G. Bircher x 250 $a2. ed. italiana / a cura di M.L. Bozza Marrubini 260 $aMilano :$bR. Cortina,$cc1990, stampa 2003 300 $aXXII, 566 p. :$bill. ;$c22 cm 500 $aNella p. contro il front.: Manuale internazionale di rianimazione / elaborato per il Comitato per la rianimazione cardiopolmonare e la terapia intensiva della Federazione mondiale delle societa di anestesiologia 700 1 $aBozza Marrubini, Marialuisa 700 1 $aBircher, Nicholas G. 907 $a.b12589950$b02-04-14$c23-01-04 912 $a991000249059707536 945 $aLE002 Scien. II C 36$g1$i2002000256416$lle002$op$pE34.00$q-$rl$s- $t0$u0$v0$w0$x0$y.i13062876$z23-01-04 996 $aRianimazione cardiopolmonare e cerebrale$9253239 997 $aUNISALENTO 998 $ale002$b23-01-04$cm$da $e-$fita$git $h0$i0